LEADER 01500nam a2200349 a 4500 001 000000160266 003 CaOOAMICUS 005 20170426085311.0 008 170426s2016 ja a u000 u eng r 020 $a9784924971431* 032 $aLibriCat 040 $aPUL$bita 041 1 $aeng$hjpn 082 04$a299.5 100 1 $aSato, Hiroo.$0(OLS)http://pul/name/102516 240 10$aHitogami shinko? no keifu.$lInglese.$0(OLS)http://pul/title/199912 245 10$aHow like a god :$bdeification in Japanese religion /$cSato Hiroo ; translated by David Noble. 260 $aTokyo :$bInternational house of Japan,$c©2016. 300 $ax, 263 p. :$bill. ;$c24 cm. 490 1 $aLTCB international library selection ;$v39 504 $aBibliografia p. 231-249. 651 4$aGiappone$xReligione.$0(OLS)http://pul/subject/25169 700 1 $aNoble, David F.$0(OLS)http://pul/name/52887 830 0$aLTCB International Library Selection ;$v39.$0(OLS)http://pul/title/65185 850 $aPUL 852 $aPUL$W1$xDP2 Religione 3$y114$m299. 5 SATHI 1$j183870$qDDC 21$B187078$CPULBib$Z2$F187078 $H129489 $81 941 1 $a9 996 $6020$a9784924971431*$9(OLS)http://pul/number/162502 996 $6082$a299.5$9(OLS)http://pul/classification/2862 996 $6245$aHow like a god :$bdeification in Japanese religion$9(OLS)http://pul/title/199913 996 $6260$aTokyo :$bInternational house of Japan$9(OLS)http://pul/publisher/81409 LEADER 01293nam a2200301 a 4500 001 000000131290 003 CaOOAMICUS 005 20121114101913.0 008 121114s2012 it u000 u ita r 020 $a978-88-13-31488-0 040 $aPUL$bita 082 04$a345.4507 100 1 $aDi Paolo, Gabriella.$0(OLS)http://pul/name/84271 245 13$aLa sanatoria delle nullitą nel processo penale /$cGabriella Di Paolo. 260 $aPadova :$bCEDAM,$c2012. 300 $aXV, 290 p. ;$c24 cm. 490 1 $aDipartimento di scienze giuridiche ;$v96 504 $aBibliografia p. [273]-290. 650 4$aProcedura penale$zItalia.$0(OLS)http://pul/subject/12686 830 0$aDipartimento di scienze giuridiche (Universitą degli studi di Trento) ;$v96.$0(OLS)http://pul/title/11733 850 $aPUL 852 $aPUL$W1$xSL Diritto e Scienze Sociali 3$y79$m345. 4507 DIPGA 1$j151586$qDDC 21$B150482$CPULBib$Z2$F150482 $H121069 $82 941 1 $a9 996 $6020$a978-88-13-31488-0$9(OLS)http://pul/number/150994 996 $6082$a345.4507$9(OLS)http://pul/classification/2394 996 $6245$aLa sanatoria delle nullitą nel processo penale$9(OLS)http://pul/title/165851 996 $6260$aPadova :$bCEDAM$9(OLS)http://pul/publisher/48126